000 00566nam a22002297a 4500
003 UA-OsUOA
001 52613
007 ta
008 20080225b un ||||| |||| 00| 0 ukr d
090 _a330.88(47+57)
942 _cBK
040 _aUA-OsUOA
_brus
_cUA-OsUOA
_dUA-OsUOA
245 _aНародное хозяйство СССР в 1985 г.
300 _a654 с.
955 _a2
041 _arus
080 _a330.88(47+57)
020 _a5-279-00147-3
260 _aМ.
_c1989
650 7 _a330 Економіка взагалі
_2UDC
999 _c338701
_d338701